It looks like you're offline.
Open Library logo
additional options menu

MARC record from Internet Archive

LEADER: 00882 am a2200289 i 4500
001 007060443
005 20100212181300.0
008 800627s1979 enkab || 001 ||eng
010 $a78041119
015 $aGB7926247$2bnb
019 y $aB7926247
019 9 $a0198181787
020 $a0198181787 :$c£30.00
040 $aUk$cUk
050 00 $aJX1
082 04 $a341/.05$218
245 04 $aThe British year book of international law.$n1978 : forty-ninth year of issue /$c[editors R.Y. Jennings, Ian Brownlie].
260 $aOxford :$bClarendon Press,$c1979.
300 $aix,454p. :$bill., 1map ;$c25cm.
336 $atext$2rdacontent
337 $aunmediated$2rdamedia
338 $avolume$2rdacarrier
500 $aIncludes index.
650 0 $aInternational law$xPeriodicals.
653 $aInternational law$aSerials
700 1 $aJennings, Robert Yewdall.
700 1 $aBrownlie, Ian.